| 000 | 00438cam a22001337a 4500 | ||
|---|---|---|---|
| 008 | 180718b1989 xxu||||| |||| 00| 0 eng d | ||
| 082 | _aT2161x5413 Si64 | ||
| 100 | _aSingh, Ram Badan | ||
| 245 |
_aEconomics of public-sector steel industry in India _cby Ram Badan Singh |
||
| 260 |
_aNew Delhi _bCommonwealth _c1989 |
||
| 300 | _avi, 192p. | ||
| 650 | _aSteel industry and trade --Government ownership --India | ||
| 650 | _aBokaro Steel Ltd | ||
| 999 |
_c353397 _d353397 |
||